00237nam a2200097Ia 4500008004100000041000800041100001000049245005200059650000900111999001900120230605s9999 xx 000 0 und d aeng aBeech aThe Practical Guide to Napkins & Napkin Folding aH.K. c417633d417633